00928cam a2200217u 4500001000500000005001700005020001800022040002400040050001400064082001700078100001900095245008200114250002800196260003700224300004600261505000800307520032500315521002000640521002000660700003000680160620250826144221.0 a9789814281119 aDLCcCarPdDLCbeng00aPZ8.M3554 a398.24529633 aSmith, Annette04aThe three little pigs /cRetold by Annette Smith ; Illustrated by Isabel Lowe aFirst published in 1997 aVictoria :bNelson School,c1997 a32 pages :bColor illustrations ;c22 cm  aH  aMother Pig tells her three little ones it is time for them to make their own way in the world by building their own houses. Each uses something different to build its house: straw, sticks and bricks. They all have a big fear of wolves, so when he visits each refuses to open the door. Only, two are much more vulnerable. a450 bLexile  aH bRaz-Plus 1 aLowe, Isabeleillustrator